00823nam a2200265Ia 450000500170000000800410001702000190005808200170007710000270009424500440012125000190016530000430018450400270022765000280025465000310028265000240031365000240033794200120036126400460037333600270041933700330044633800280047904000350050799900150054220220317001002.0160825s2008 mx a g 000 0 spa  a9789681849301204a604.2 bT15d1 aTamez Esparza, Elías10aDibujo técnicocElías Tamez Esparza a1a. edición  a285 páginas bilustraciones c24 cm  aIncluye bibliografía142LEMBaDibujo técnico 142LEMBaDibujo geométrico 142LEMBaIngeniería 142LEMBaProyección  2ddccBK aMéxicobLimusa - Noriega Editoresc2008 atextobtxt2rdacontent asin mediaciónbn2rdamedia avolumenbnc2rdacarrier aCO-BoRNBPbspaerdacCO-BoRNBP c5587d5587